Welcome to the Holygrace Academy Library

Please use search bar below to get started

SWAMI AND FRIENDS (Record no. 6897)

MARC details
000 -LEADER
fixed length control field 00635nam a22001577a 4500
020 ## - INTERNATIONAL STANDARD BOOK NUMBER
ISBN 978-81-85986-00-5
082 ## - DEWEY DECIMAL CLASSIFICATION NUMBER
Classification number 823
Item number NAR/S
100 ## - MAIN ENTRY--AUTHOR NAME
Personal name NARAYAN, R K
245 ## - TITLE STATEMENT
Title SWAMI AND FRIENDS
250 ## - EDITION STATEMENT
Edition statement 1
260 ## - PUBLICATION, DISTRIBUTION, ETC. (IMPRINT)
Place of publication MADRAS
Name of publisher INDIAN THOUGHT PUBLICATIONS
300 ## - PHYSICAL DESCRIPTION
Number of Pages 216
520 ## - SUMMARY, ETC.
Summary, etc Swaminathan is a lazy schoolboy who lives with his father, mother, and grandmother in Malgudi. He attends the Albert Mission School with his friends Samuel, Sankar, Somu, and Mani. The arrival of a new student, Rajam—the son of a wealthy police superintendent—threatens Swami's popularity.
650 ## - SUBJECT ADDED ENTRY--TOPICAL TERM
Topical Term ENGLISH STORY
Geographic subdivision MADRAS
942 ## - ADDED ENTRY ELEMENTS (KOHA)
Koha item type Books
Holdings
Withdrawn status Lost status Collection code Home library Current library Shelving location Date acquired Source of acquisition Cost, normal purchase price Full call number Accession Number Koha item type
    Fiction Main Library Main Library NEW SHELF WITH NEW ENTRY 05/10/2023 PURCHASE 225.00 823 NAR/S 12958 Books